| 000 | 00753nam a2200181Ia 4500 | ||
|---|---|---|---|
| 005 | 20250423094955.0 | ||
| 008 | 250422s9999 xx 000 0 und d | ||
| 020 | _a9780128012901 | ||
| 050 | _aQA 76.9.A25 .L68/ | ||
| 100 | _aLoukas, George | ||
| 245 | 0 | _aCyber-physical attacks : a growing invisible threat | |
| 260 | _aNew York | ||
| 260 | _bButterworth-Heinemann | ||
| 260 | _c2015 | ||
| 300 | _a262 p | ||
| 650 | _a Cyber intelligence (Computer security) Ubiquitous computing. Embedded computer systems. Embedded Internet devices. Internet of things. Cyber intelligence (Computer security) Embedded computer systems. Embedded Internet devices. Internet of things. Ubiquitous computing. | ||
| 942 | _cBK | ||
| 999 |
_c28858 _d28858 |
||